A social constructivist approach to translator education : (Record no. 19954)

MARC details
000 -LEADER
fixed length control field 01042cam a2200253 a 4500
001 - CONTROL NUMBER
control field 12070186
003 - CONTROL NUMBER IDENTIFIER
control field OSt
005 - DATE AND TIME OF LATEST TRANSACTION
control field 20230207164355.0
008 - FIXED-LENGTH DATA ELEMENTS--GENERAL INFORMATION
fixed length control field 000622s2000 enk b 001 0 eng
010 ## - LIBRARY OF CONGRESS CONTROL NUMBER
LC control number 00010133
020 ## - INTERNATIONAL STANDARD BOOK NUMBER
International Standard Book Number 1900650339
040 ## - CATALOGING SOURCE
Original cataloging agency DLC
Transcribing agency DLC
Modifying agency DLC
050 00 - LIBRARY OF CONGRESS CALL NUMBER
Classification number P306.5
Item number .K57 2000
100 1# - MAIN ENTRY--PERSONAL NAME
Personal name Kiraly, Donald C.,
Dates associated with a name 1953-
245 12 - TITLE STATEMENT
Title A social constructivist approach to translator education :
Remainder of title empowerment from theory to practice /
Statement of responsibility, etc. Don Kiraly.
260 ## - PUBLICATION, DISTRIBUTION, ETC. (IMPRINT)
Place of publication, distribution, etc. Manchester, UK ;
-- Northampton, Mass. :
Name of publisher, distributor, etc. St. Jerome Pub.,
Date of publication, distribution, etc. 2000.
300 ## - PHYSICAL DESCRIPTION
Extent 207 p. ;
504 ## - BIBLIOGRAPHY, ETC. NOTE
Bibliography, etc Includes bibliographical references (p. [197]-204) and index.
650 #0 - SUBJECT ADDED ENTRY--TOPICAL TERM
Topical term or geographic name as entry element Translators , Training of.
650 #0 - SUBJECT ADDED ENTRY--TOPICAL TERM
Topical term or geographic name as entry element Translating and interpreting
General subdivision Study and teaching.
906 ## - LOCAL DATA ELEMENT F, LDF (RLIN)
a 7
b cbc
c orignew
d 1
e ecip
f 20
g y-gencatlg
942 ## - ADDED ENTRY ELEMENTS (KOHA)
Source of classification or shelving scheme Library of Congress Classification
Koha item type General Collection
Holdings
Withdrawn status Lost status Source of classification or shelving scheme Not for loan Home library Current library Date acquired Cost, normal purchase price Total Checkouts Full call number Barcode Date last seen Price effective from Koha item type
    Library of Congress Classification   Kabarak, Main Campus Kabarak, Main Campus 07/02/2023 6113.00   P306.5 .K57 2000 c.1 34744 07/02/2023 07/02/2023 General Collection
Designed with assistance from East African Informatics Ltd